ICAO Codes of Flag Carrier Airlines - Statistics

General Stats
  • This quiz has been taken 280 times
  • The average score is 20 of 30
Answer Stats
ICAO Code Country % Correct
ACA Canada
88%
AFR France
88%
KLM Netherlands
88%
JAL Japan
85%
THA Thailand
82%
BAW United Kingdom
82%
ANZ New Zealand
80%
IBE Spain
80%
QFA Australia
79%
DLH Germany
78%
SIA Singapore
78%
AMX Mexico
77%
PIA Pakistan
75%
ETD United Arab Emirates
74%
ARG Argentina
71%
AFL Russia
67%
LAN Chile
65%
SAA South Africa
65%
KAL South Korea
64%
SWR Switzerland
63%
THY Turkey
63%
CCA China
59%
MAS Malaysia
58%
ELY Israel
57%
AIC India
53%
GIA Indonesia
41%
MSR Egypt
40%
CAL Taiwan
40%
SVA Saudi Arabia
38%
HVN Vietnam
37%
No matching quizzes found
Score Distribution
Percent of People with Each Score
Percentile by Number Answered
Your Score History
You have not taken this quiz